banner-ar

الاعجاز الجغرافى الفلكى فى القران الكريم و اسرار الحروف المقطعة بين الحضارات القديمة و العلم الحديث : (Record no. 63215)

MARC details
000 -الفاتح
حقل البيانات ثابتة الطول 01008nam a22002177a 4500
005 - وقت وتاريخ اخر تعامل مع التسجيلة
رقم الضبط 20240530110629.0
008 - عناصر البيانات ثابتة الطول - معلومات عامة
حقل البيانات ثابتة الطول 170112s2014 ua h g b 000 0 ara d
017 ## - رقم الايداع القانونى
رقم الايداع القانونى 2007/10678
المصدر ( الهيئة المختصة) مصر. دار الكتب
020 ## - الرقم الدولى المعيارى للكتب
الرقم الدولى المعيارى للكتاب 9789774383825
040 ## - مصدر الفهرسة
وكالة الفهرسة الأصلية EG-CaGPL
وكالة النسخ EG-CaGPL
082 04 - رقم تصنيف ديوى العشرى
رقم الطبعة 21
رقم التصنيف 229.7\
رقم المادة ر إ
100 0# - المدخل الرئيسى - إسم شخصى
الإسم الشخصى رائد راكان الجوارى
245 12 - بيان العنوان
العنوان الاعجاز الجغرافى الفلكى فى القران الكريم و اسرار الحروف المقطعة بين الحضارات القديمة و العلم الحديث :
بقية العنوان دراسة مقارنة فى الفكر الجغرافى /
بيان المسئوليه,etc تاليف رائد راكان الجوارى
260 ## - PUBLICATION, DISTRIBUTION, ETC. (IMPRINT)
تاريخ النشر أو التوزيع 2014.
300 ## - الوصف المادى
التعداد 124 ص. :
تفاصيل ماديه اخرى للوعاء صور ؛
أبعاد الوعاء 24 سم.
504 ## - تبصرة ببليوجرافية
تبصرة ببليوجرافية,الخ يشتمل على ارجاعات ببليوجرافية
650 07 - المدخل الاضافى بالموضوع-مصطلح موضوعى
مصدر الرأس أو المصطلح qrmak
مصطلح موضوعي القران
التقسيم الفرعي العام اعجاز
651 ## - المدخل الاضافى بالموضوع - اسم جغرافى
مصدر الرأس أو المصطلح qrmak
942 ## - عناصر المدخل الإضافي( كوها)
مصدر التصنيف او مخطط الترفيف Dewey Decimal Classification
Koha [default] item type كتاب
260 ## - PUBLICATION, DISTRIBUTION, ETC. (IMPRINT)
-- الاسكندرية :
-- المكتب الجامعى الحديث ،
Holdings
حالة التراجع حالة الفقد حالة تلف ليس للاعارة المكان المؤقت الموقع الحالى موقع الترفيف تاريخ الاكتساب اجمالي اﻻعارات رقم الطلب الباركود تاريخ اخر مشاهدة تاريخ تفعيل السعر نوع وعاء كوها
        مكتبة القاهرة الكبرى مكتبة القاهرة الكبرى القاعة الرئيسية 01/12/2017   229.7\ ر إ 163185 01/12/2017 01/12/2017 كتاب

Powered By

EGPV